[Event "Yekaterinburg"]
[Site "?"]
[Date "1999.??.??"]
[Round "?"]
[White "Rashkovsky, N."]
[Black "Goloshchapov, A."]
[Result "1-0"]
[WhiteElo "2510"]
[BlackElo "2515"]
[PlyCount "143"]
[EventDate "1999.??.??"]
[Source "Chess Informant"]
[SourceDate "1999.10.01"]

1. d4 d5 2. Nf3 Nf6 3. c4 c6 4. Qb3 e6 5. g3 Nbd7 6. Bg2 Be7 7. O-O O-O 8. Nc3 b6 9. Bf4 Bb7 10. cxd5 exd5 11. Rad1 Re8 12. e4 Nxe4 13. Nxe4 dxe4 14. Ne5 Nxe5 15. dxe5 Qc8 16. Bxe4 Bf8 17. Rd2 c5 18. Bxb7 Qxb7 19. Rfd1 Re7 20. Rd6 Rc7 21. R6d2 Re7 22. h4 Rc8 23. Qd5 Qxd5 24. Rxd5 Rce8 25. Kg2 g6 26. Rd7 Rxd7 27. Rxd7 Bg7 28. e6 fxe6 29. b3 a6 30. Rd6 e5 31. Be3 Rb8 32. Kf3 a5 33. Ke4 a4 34. Kd5 axb3 35. axb3 Bf8 36. Rd7 Rc8 37. Rb7 c4 38. bxc4 Bc5 39. Kxe5 Bxe3 40. fxe3 Rxc4 41. e4 Rc5+ 42. Ke6 Rc6+ 43. Ke7 h5 44. e5 Rc3 45. e6 Rxg3 46. Kf6 Rf3+ 47. Kxg6 Rg3+ 48. Kxh5 Re3 49. Rxb6 Kg7 50. Kg5 Re5+ 51. Kf4 Rh5 52. Kg4 Re5 53. h5 Kf6 54. h6 Re4+ 55. Kg3 Re3+ 56. Kf4 Rh3 57. Kg4 Rh1 58. Kf4 Rh4+ 59. Kg3 Rh1 60. Kg4 Rg1+ 61. Kf4 Rh1 62. Ke4 Rh5 63. Kd4 Rh1 64. Kd5 Rd1+ 65. Kc5 Rd8 66. h7 Rh8 67. Kd6 Rxh7 68. Rb8 Rh6 69. Rg8 Rh1 70. Rf8+ Kg7 71. e7 Rd1+ 72. Kc5 1-0

[Event "Athens op"]
[Site "Athens"]
[Date "1999.??.??"]
[Round "8"]
[White "Nikolaidis, Ioannis"]
[Black "Gelashvili, Tamaz"]
[Result "1/2-1/2"]
[WhiteElo "2510"]
[BlackElo "2512"]
[PlyCount "37"]
[EventDate "1999.??.??"]
[Source "www.chesslib.no"]
[SourceDate "2004.05.04"]

1. d4 Nf6 2. c4 e6 3. g3 Bb4+ 4. Bd2 Be7 5. Bg2 d5 6. Nf3 O-O 7. O-O c6 8. Qb3 b6 9. Bf4 Nbd7 10. Nc3 Bb7 11. cxd5 exd5 12. Rfe1 Re8 13. Rad1 b5 14. Ne5 Nb6 15. e4 b4 16. exd5 cxd5 17. Na4 Nxa4 18. Qxa4 Qb6 19. Be3 1/2-1/2

[Event "X Open"]
[Site "Coria del Rio"]
[Date "2004.02.16"]
[Round "6"]
[White "Paunovic, Dragan"]
[Black "Del Rio Angelis, Salvador Gabriel"]
[Result "1-0"]
[WhiteElo "2517"]
[BlackElo "2504"]
[PlyCount "89"]
[EventDate "2004.02.11"]
[Source "Roberto Alvarez"]
[SourceDate "2004.02.23"]

1. Nf3 Nf6 2. c4 e6 3. g3 d5 4. Bg2 Be7 5. O-O O-O 6. d4 Nbd7 7. Nc3 dxc4 8. e4 a6 9. a4 Rb8 10. a5 b5 11. axb6 cxb6 12. Bf4 Ra8 13. Nd2 Bb7 14. Nxc4 Rc8 15. Nd6 Bxd6 16. Bxd6 Re8 17. e5 Nd5 18. Nxd5 exd5 19. Rc1 Nf8 20. Bxf8 Rxf8 21. Qb3 b5 22. Rxc8 Qxc8 23. Bxd5 Bxd5 24. Qxd5 Rd8 25. Qc5 Qxc5 26. dxc5 Kf8 27. Ra1 Rd5 28. b4 Rxe5 29. Rxa6 Re4 30. c6 Ke7 31. Ra7+ Ke6 32. c7 Rc4 33. Rb7 g6 34. Kg2 f5 35. h4 Rc3 36. Rb6+ Kd7 37. Rxb5 Kxc7 38. Ra5 Rb3 39. Ra7+ Kd8 40. Rxh7 Rxb4 41. Rh6 Rg4 42. f3 Ra4 43. Rxg6 Ra2+ 44. Kh3 Rf2 45. h5 1-0

[Event "Thessaloniki ol (Men)"]
[Site "Thessaloniki GRE"]
[Date "1988.??.??"]
[Round "5"]
[White "Nogueiras, Jesus"]
[Black "Ardiansyah, Haji"]
[Result "1-0"]
[WhiteElo "2560"]
[BlackElo "2460"]
[PlyCount "153"]
[EventDate "1988.11.??"]
[Source "www.chesslib.no"]
[SourceDate "2004.05.04"]

1. Nf3 Nf6 2. c4 e6 3. Nc3 d5 4. d4 Be7 5. g3 O-O 6. Bg2 c6 7. O-O Nbd7 8. b3 Ne8 9. Bb2 Nd6 10. c5 Ne8 11. e4 b6 12. b4 Rb8 13. exd5 exd5 14. Bc1 bxc5 15. bxc5 Bf6 16. Bf4 Rb4 17. Qd2 Rc4 18. Rfc1 g5 19. Bxg5 Bxg5 20. Nxg5 Qf6 21. Nf3 Ng7 22. Ne2 Ba6 23. Nf4 Ra4 24. Bh3 Rd8 25. Bxd7 Rxd7 26. Ne5 Rd8 27. Rab1 Bb5 28. Re1 Qh6 29. Rb4 Ra6 30. Ng4 Qg5 31. f3 Re8 32. Rxe8+ Nxe8 33. Rb1 Ra3 34. Re1 Ng7 35. h4 Qd8 36. Re3 Rxe3 37. Qxe3 Kf8 38. Qe5 Qe7 39. Qb8+ Ne8 40. Kf2 Qc7 41. Qxc7 Nxc7 42. Ke3 Ke7 43. Kd2 f6 44. Ne3 Ne8 45. Nf5+ Kd7 46. a3 Ba6 47. g4 Bc8 48. Nh5 Ke6 49. Ke3 Kf7 50. Nhg3 Ke6 51. Kd2 Ba6 52. Kc3 Bb5 53. Nh5 Ba4 54. Ne3 Bb5 55. Kb4 Ba6 56. Ka5 Bc8 57. Nf4+ Kd7 58. Nf5 Nc7 59. Kb4 Ne8 60. Kc3 Ba6 61. a4 Nc7 62. Ne3 Ke7 63. Nf5+ Kf7 64. Nd6+ Ke7 65. g5 fxg5 66. hxg5 Kf8 67. g6 Kg8 68. Nf5 hxg6 69. Nxg6 Be2 70. Ne5 Bd1 71. Kb4 Kf8 72. Nxc6 Bxf3 73. Nxa7 Ke8 74. Ka5 Be4 75. Nd6+ Kd7 76. Kb6 Bd3 77. Ndb5 1-0

[Event "Corsica rap op"]
[Site "Corsica"]
[Date "1997.??.??"]
[Round "7"]
[White "Filippov, Valerij"]
[Black "Lupu, Mircea Sergiu"]
[Result "1/2-1/2"]
[WhiteElo "2535"]
[BlackElo "2485"]
[PlyCount "70"]
[EventDate "1997.??.??"]
[Source "www.chesslib.no"]
[SourceDate "2004.05.04"]

1. Nf3 d5 2. d4 c6 3. c4 e6 4. g3 Nf6 5. Bg2 Be7 6. O-O O-O 7. Nc3 Nbd7 8. Nd2 b6 9. e4 Bb7 10. cxd5 cxd5 11. e5 Ne8 12. f4 f5 13. exf6 Nexf6 14. Nf3 Bd6 15. Ne5 Re8 16. g4 Ne4 17. Nxe4 dxe4 18. Be3 Rc8 19. Qa4 Bxe5 20. dxe5 Bc6 21. Qa3 Bb5 22. Rfc1 Nc5 23. Bxc5 bxc5 24. Qe3 Bd3 25. Bxe4 Bxe4 26. Qxe4 Qb6 27. Rc2 Rcd8 28. Qe3 Rd4 29. Rf1 Red8 30. h3 c4 31. Kg2 Qa5 32. Rff2 Qxa2 33. f5 Rd3 34. Qg5 Qb3 35. Rc3 Qb6 1/2-1/2